LEADER 01227cam0-22003611i-450- 001 990004568500403321 005 20150605130100.0 035 $a000456850 035 $aFED01000456850 035 $a(Aleph)000456850FED01 035 $a000456850 100 $a19990604d1952----km-y0itay50------ba 101 0 $aita 102 $aIT 105 $ay-------001yy 200 1 $aBreve compendio di perfezione cristiana e "vita di Isabella Berinzaga"$fAchille Gagliardi$gper la prima volta pubblicata con introduzione e note di Mario Bendiscioli 210 $aFirenze$cLIbr. Ed. Fiorentina$d1952 215 $a206 p.$d19 cm 225 1 $aTesti cristiani N.S.$v1 300 $aIn appendice : De domina Isabella Berinzaga 327 0 $aDe domina Isabella Berinzaga 600 1$aBerinzaga Isabella 610 0 $aPerfezione cristiana - Opere del 16. sec 676 $a248.4 700 1$aGagliardi,$bAchille$0180672 702 1$aBendiscioli,$bMario$f<1903-1998> 801 0$aIT$bUNINA$gRICA$2UNIMARC 901 $aBK 912 $a990004568500403321 952 $a248.4 GAG 1$bBibl. 25862$fFLFBC 959 $aFLFBC 996 $aBreve compendio di perfezione cristiana e "vita di Isabella Berinzaga"$9549068 997 $aUNINA LEADER 01279nam0 2200325 i 450 001 SUN0125509 005 20200327114453.859 010 $d0.00 017 70$2N$a9789811084591 100 $a20191118d2018 |0engc50 ba 101 $aeng 102 $aSG 105 $a|||| ||||| 200 1 $aThe *Role of Water in ATP Hydrolysis Energy Transduction by Protein Machinery$fMakoto Suzuki editor 205 $aSingapore : Springer, 2018 210 $aIX$d353 p.$cill. ; 24 cm 215 $aPubblicazione in formato elettronico 620 $aCH$dCham$3SUNL001889 676 $a540$cChimica generale$v22 676 $a541$cChimica fisica$v22 676 $a571.4$cBiofisica$v22 676 $a610.153$cFisica medica$v22 702 1$aSuzuki$b, Makoto$3SUNV096941 712 $aSpringer$3SUNV000178$4650 801 $aIT$bSOL$c20200921$gRICA 856 4 $uhttps://link.springer.com/book/10.1007%2F978-981-10-8459-1#toc 912 $aSUN0125509 950 $aUFFICIO DI BIBLIOTECA DEL DIPARTIMENTO DI SCIENZE E TECNOLOGIE AMBIENTALI BIOLOGICHE E FARMACEUTICHE$d17CONS e-book 2112 $e17BIB2112 185 20191118 996 $aRole of Water in ATP Hydrolysis Energy Transduction by Protein Machinery$91566590 997 $aUNICAMPANIA